MARC details
| 000 -CABECERA |
| campo de control de longitud fija |
00918nam a2200241 a 4500 |
| 005 - FECHA Y HORA DE LA ÚLTIMA TRANSACCIÓN |
| campo de control |
20210223122836.0 |
| 008 - ELEMENTOS DE LONGITUD FIJA--INFORMACIÓN GENERAL |
| campo de control de longitud fija |
991125c1998 mad 000 0 spa u |
| 020 ## - NÚMERO INTERNACIONAL NORMALIZADO PARA LIBROS |
| Número Internacional Estándar del Libro |
8448113268 |
| 035 ## - NÚMERO DE CONTROL DEL SISTEMA |
| Número de control de sistema |
UPN01000042668 |
| 049 ## - COLECCIÓN |
| Colección |
CG |
| 050 #4 - SIGNATURA TOPOGRÁFICA DE LA BIBLIOTECA DEL CONGRESO |
| Número de clasificación |
QA76.9 D3 |
| Número de documento/Ítem |
A3.6 |
| 100 1# - ASIENTO PRINCIPAL--NOMBRE PERSONAL |
| Nombre de persona |
Abbey, Michael |
| 245 10 - MENCIÓN DE TÍTULO |
| Título |
Oracle 8 : |
| Resto del título |
guía de aprendizaje : versiones 7 y 8 / |
| Mención de responsabilidad, etc. |
Michael Abbey, Michael J. Corey. |
| 260 ## - PUBLICACIÓN, DISTRIBUCIÓN, ETC. |
| Lugar de publicación, distribución, etc. |
Madrid : |
| Nombre del editor, distribuidor, etc. |
McGraw-Hill Interamericana : |
| -- |
Oracle Press, |
| Fecha de publicación, distribución, etc. |
c1998. |
| 300 ## - DESCRIPCIÓN FÍSICA |
| Extensión |
xxviii, 628 p. : |
| Otras características físicas |
il. |
| 500 ## - NOTA GENERAL |
| Nota general |
Subtítulo de la cubierta: La más completa introducción sobre la nueva arquitectura de red Oracle |
| 500 ## - NOTA GENERAL |
| Nota general |
"Para todos los sistemas de computadoras. Bases de datos" |
| 534 ## - NOTA SOBRE LA VERSIÓN ORIGINAL |
| Encabezamiento principal del original |
Traducción de: |
| Mención de título del original |
Oracle : a beginner's guide |
| 650 #4 - ASIENTO SECUNDARIO DE MATERIA - TERMINO TEMATICO |
| Término de materia o nombre geográfico como elemento de entrada |
BASES DE DATOS RELACIONADAS |
| 9 (RLIN) |
2941 |
| 650 #4 - ASIENTO SECUNDARIO DE MATERIA - TERMINO TEMATICO |
| Término de materia o nombre geográfico como elemento de entrada |
ORACLE (ARCHIVO PARA COMPUTADORA) |
| 9 (RLIN) |
7569 |
| 700 1# - ASIENTO SECUNDARIO--NOMBRE DE PERSONAL |
| Nombre de persona |
Corey, Michael J., |
| Término indicativo de función/relación |
coaut. |
| 905 ## - TIPO DE MATERIAL |
| Tipo de material |
Libro |